|
|
|
|
| LEADER |
00794nam a22001817a 4500 |
| 008 |
170110b xxu||||| |||| 00| 0 eng d |
| 020 |
|
|
|a 9788177053531
|
| 082 |
|
|
|a 370.115
|b LIS
|
| 240 |
|
|
|a Athijeevanathinte prakasharekhakal
|
| 245 |
|
|
|a അതിജീവനത്തിന്റെ പ്രകാശരേഖകള് /
|c ലിസ്ബ യേശുദാസ് (എഡി.)
|
| 250 |
|
|
|a 1st ed.
|
| 260 |
|
|
|a തിരുവനന്തപുരം :
|b പ്രഭാത് ബുക്ക് ഹൗസ്,
|c 2014.
|
| 300 |
|
|
|a 71p.
|
| 650 |
|
|
|a Essays
|
| 700 |
|
|
|a Yesudas, Lisba
|
| 942 |
|
|
|2 ddc
|c BK
|
| 999 |
|
|
|c 16408
|d 16408
|
| 952 |
|
|
|0 0
|1 0
|2 ddc
|4 0
|6 370_115000000000000_LIS
|7 0
|9 23011
|a MAIN
|b MAIN
|d 2017-01-10
|e Prabhath Book House
|g 60.00
|o 370.115 LIS
|p 23273
|r 2017-05-11
|t 1
|w 2017-01-10
|y BK
|